[Event "AUT 2nd BL Mitte 2021-22"]
[Site "Austria"]
[Date "2022.03.27"]
[Round "9.35"]
[White "Eder, Matthias"]
[Black "Hiermann, Dietmar"]
[Result "1-0"]
[WhiteElo "2233"]
[BlackElo "2198"]
[Annotator "ChessBase"]
[PlyCount "181"]
[EventDate "2021.10.21"]
[EventType "team-tourn"]
[EventCountry "AUT"]
[SourceTitle "playchess.com"]
[Source "ChessBase"]
[SourceQuality "1"]
[TimeControl "40/5400+30:1800+30"]

1. e4 {[%emt 0:00:04]} e5 {[%emt 0:00:05]} 2. Nf3 {[%emt 0:00:05]} Nc6 {[%emt 0:00:06]} 3. Bb5 {[%emt 0:00:04]} a6 {[%emt 0:00:41]} 4. Ba4 {[%emt 0:00:06]} Nf6 {[%emt 0:00:18]} 5. O-O {[%emt 0:00:07]} b5 {[%emt 0:02:02]} 6. Bb3 {[%emt 0:00:06]} Be7 {[%emt 0:00:04]} 7. d3 {[%emt 0:00:25]} d6 {[%emt 0:00:21]} 8. c3 {[%emt 0:00:21]} Na5 {[%emt 0:01:52]} 9. Bc2 {[%emt 0:00:07]} c5 {[%emt 0:00:11]} 10. d4 {[%emt 0:00:10]} Qc7 {[%emt 0:08:57]} 11. d5 {[%emt 0:00:08]} O-O {[%emt 0:04:22]} 12. b3 {[%emt 0:00:49]} Nb7 {[%emt 0:02:03]} 13. a4 {[%emt 0:03:58]} Bd7 {[%emt 0:02:55]} 14. h3 {[%emt 0:05:31]} h6 {[%emt 0:06:04]} 15. Be3 {[%emt 0:00:48]} Nh7 {[%emt 0:01:27]} 16. Nbd2 {[%emt 0:02:03]} Rfb8 {[%emt 0:03:03]} 17. Qe2 {[%emt 0:12:03]} Nf8 {[%emt 0:14:33]} 18. Ra2 {[%emt 0:07:03]} Ng6 {[%emt 0:09:01]} 19. Rfa1 {[%emt 0:02:51]} bxa4 {[%emt 0:01:42]} 20. bxa4 {[%emt 0:00:07]} Na5 {[%emt 0:00:08]} 21. Qf1 {[%emt 0:17:19]} Nf4 {[%emt 0:03:20]} 22. Kh2 {[%emt 0:09:38]} Rb6 {[%emt 0:02:31]} 23. Ng1 {[%emt 0:07:06]} Rab8 {[%emt 0:01:26]} 24. g3 {[%emt 0:00:20]} Ng6 {[%emt 0:00:04]} 25. Rc1 {[%emt 0:09:48]} Bg5 {[%emt 0:07:22]} 26. f4 {[%emt 0:08:03]} exf4 {[%emt 0:00:21]} 27. gxf4 {[%emt 0:00:08]} Bf6 {[%emt 0:00:08]} 28. Ne2 {[%emt 0:00:21]} Rb2 {[%emt 0:01:51]} 29. Raa1 {[%emt 0:01:41]} Re8 {[%emt 0:03:04]} 30. Rab1 {[%emt 0:03:35]} Reb8 {[%emt 0:00:42]} 31. Ra1 {[%emt 0:00:52]} Ne7 {[%emt 0:01:37]} 32. Qg2 {[%emt 0:02:29]} Re8 {[%emt 0:01:55]} 33. Bg1 {[%emt 0:06:46]} Kf8 {[%emt 0:00:46]} 34. Rab1 {[%emt 0:00:21]} Reb8 {[%emt 0:00:14]} 35. Qf1 {[%emt 0:00:21]} Nc8 {[%emt 0:01:00]} 36. Qd1 {[%emt 0:00:29]} Rxb1 {[%emt 0:02:53]} 37. Rxb1 {[%emt 0:00:07]} Rxb1 {[%emt 0:00:03]} 38. Qxb1 {[%emt 0:00:06]} Nb6 {[%emt 0:00:18]} 39. e5 {[%emt 0:01:13]} dxe5 {[%emt 0:00:53]} 40. d6 {[%emt 0:00:41]} Qb7 {[%emt 0:19:05]} 41. Bxc5 {[%emt 0:06:31]} Nc8 {[%emt 0:04:49]} 42. Qb4 {[%emt 0:09:46]} Qxb4 {[%emt 0:04:23]} 43. cxb4 {[%emt 0:00:38]} Nb7 {[%emt 0:01:21]} 44. Ne4 {[%emt 0:04:48]} Ke8 {[%emt 0:04:15]} 45. a5 {[%emt 0:03:05]} exf4 {[%emt 0:02:50]} 46. Nxf6+ {[%emt 0:01:03]} gxf6 {[%emt 0:00:00]} 47. Bd3 {[%emt 0:00:33]} Ncxd6 {[%emt 0:00:12]} 48. Bxa6 {[%emt 0:00:49]} Nxc5 {[%emt 0:02:30]} 49. bxc5 {[%emt 0:00:05]} Ne4 {[%emt 0:00:09]} 50. Bb7 {[%emt 0:01:48]} f3 {[%emt 0:00:30]} 51. Ng3 {[%emt 0:00:39]} Nxc5 {[%emt 0:00:40]} 52. a6 {[%emt 0:00:05]} Nxa6 {[%emt 0:00:39]} 53. Bxa6 {[%emt 0:00:13]} Kf8 {[%emt 0:01:47]} 54. h4 {[%emt 0:00:19]} Kg7 {[%emt 0:02:38]} 55. Bd3 {[%emt 0:00:25]} Ba4 {[%emt 0:01:05]} 56. Nh5+ {[%emt 0:00:24]} Kf8 {[%emt 0:00:16]} 57. Kg3 {[%emt 0:00:20]} Bd1 {[%emt 0:00:22]} 58. Kf2 {[%emt 0:01:40]} Ke7 {[%emt 0:00:42]} 59. Ng7 {[%emt 0:00:28]} Kf8 {[%emt 0:00:39]} 60. Nf5 {[%emt 0:00:26]} h5 {[%emt 0:00:10]} 61. Ng3 {[%emt 0:00:13]} Kg7 {[%emt 0:01:10]} 62. Nxh5+ {[%emt 0:00:06]} Kh6 {[%emt 0:00:02]} 63. Ng3 {[%emt 0:00:20]} Kg7 {[%emt 0:00:19]} 64. Nf5+ {[%emt 0:02:08]} Kg8 {[%emt 0:00:10]} 65. Ne3 {[%emt 0:00:37]} Ba4 {[%emt 0:00:13]} 66. Kxf3 {[%emt 0:00:08]} Kg7 {[%emt 0:00:03]} 67. Kf4 {[%emt 0:00:21]} Kh6 {[%emt 0:00:54]} 68. Be2 {[%emt 0:01:31]} Bd7 {[%emt 0:00:15]} 69. Bg4 {[%emt 0:00:07]} Ba4 {[%emt 0:00:16]} 70. Ke4 {[%emt 0:02:14]} Kg6 {[%emt 0:00:28]} 71. Kf4 {[%emt 0:00:47]} Kh7 {[%emt 0:00:13]} 72. Bh5 {[%emt 0:00:53]} Bb3 {[%emt 0:00:44]} 73. Nf5 {[%emt 0:01:01]} Be6 {[%emt 0:00:26]} 74. Nd6 {[%emt 0:00:13]} Kg7 {[%emt 0:00:36]} 75. Ne8+ {[%emt 0:00:31]} Kh6 {[%emt 0:00:06]} 76. Nxf6 {[%emt 0:00:12]} Kg7 {[%emt 0:00:06]} 77. Kg5 {[%emt 0:00:03]} Bb3 {[%emt 0:00:12]} 78. Bg4 {[%emt 0:00:28]} Ba2 {[%emt 0:00:20]} 79. h5 {[%emt 0:01:29]} Bb3 {[%emt 0:00:06]} 80. Bf5 {[%emt 0:00:25]} Bc4 {[%emt 0:00:09]} 81. Ne8+ {[%emt 0:01:50]} Kf8 {[%emt 0:01:04]} 82. Kf6 {[%emt 0:00:38]} Kg8 {[%emt 0:00:15]} 83. Nd6 {[%emt 0:01:43]} Bb3 {[%emt 0:00:02]} 84. Bd3 {[%emt 0:00:17]} Ba4 {[%emt 0:02:17]} 85. Bc4 {[%emt 0:00:35]} Kh7 {[%emt 0:00:01]} 86. Kg5 {[%emt 0:00:36]} f6+ {[%emt 0:00:29]} 87. Kxf6 {[%emt 0:00:17]} Kh6 {[%emt 0:00:01]} 88. Be2 {[%emt 0:00:09]} Bd7 {[%emt 0:00:12]} 89. Nf7+ {[%emt 0:00:10]} Kh7 {[%emt 0:00:02]} 90. Bd3+ {[%emt 0:00:22]} Kg8 {[%emt 0:00:06]} 91. h6 {[%emt 0:00:09]} 1-0

[Event "AUT 2nd BL Mitte 2021-22"]
[Site "Austria"]
[Date "2022.03.27"]
[Round "9.36"]
[White "Taggatz, Mario"]
[Black "Teuschler, Barbara"]
[Result "0-1"]
[WhiteElo "2198"]
[BlackElo "2107"]
[Annotator "NA"]
[PlyCount "56"]
[EventDate "2021.10.21"]
[EventType "team-tourn"]
[EventCountry "AUT"]
[SourceTitle "playchess.com"]
[Source "ChessBase"]
[SourceQuality "1"]
[TimeControl "40/5400+30:1800+30"]

1. d4 {[%emt 0:00:13]} d5 {[%emt 0:00:14]} 2. Nf3 {[%emt 0:00:25]} Nf6 {[%emt 0:00:16]} 3. Bf4 {[%emt 0:00:17]} c5 {[%emt 0:00:15]} 4. e3 {[%emt 0:00:11]} Qb6 {[%emt 0:00:21]} 5. Nc3 {[%emt 0:02:09]} a6 {[%emt 0:10:24]} 6. Rb1 {[%emt 0:06:00]} cxd4 {[%emt 0:02:59]} 7. exd4 {[%emt 0:00:26]} Bg4 {[%emt 0:03:46]} 8. Be2 {[%emt 0:01:28]} e6 {[%emt 0:02:19]} 9. O-O {[%emt 0:02:11]} Nc6 {[%emt 0:03:58]} 10. Ne5 {[%emt 0:06:41]} Bxe2 {[%emt 0:01:29]} 11. Nxe2 {[%emt 0:00:10]} Be7 {[%emt 0:02:47]} 12. c3 {[%emt 0:03:08]} O-O {[%emt 0:00:29]} 13. Qb3 {[%emt 0:17:31]} Qa7 {[%emt 0:17:00]} 14. Ng3 {[%emt 0:06:47]} Rfc8 {[%emt 0:02:50]} 15. Rbe1 $11 {[%emt 0:03:02]} b5 {[%emt 0:07:53]} 16. Qd1 {[%emt 0:03:43]} b4 {[%emt 0:05:29]} 17. Re3 {[%emt 0:03:35]} bxc3 {[%emt 0:04:22]} 18. bxc3 {[%emt 0:00:50]} Nxe5 {[%emt 0:06:00]} 19. Bxe5 {[%emt 0:03:04]} Nd7 {[%emt 0:11:20]} 20. Nh5 {[%emt 0:08:50]} Nxe5 {[%emt 0:00:43]} 21. dxe5 {[%emt 0:00:41]} Rc4 {[%emt 0:00:39]} 22. Rg3 {[%emt 0:01:41]} g6 {[%emt 0:00:16]} 23. Qd2 {[%emt 0:04:53]} Qc7 {[%emt 0:07:02]} 24. Re1 {[%emt 0:02:01]} Qd8 {[%emt 0:00:53]} 25. Rb1 {[%emt 0:11:05]} Rac8 {[%emt 0:00:56]} 26. Rb7 {[%emt 0:01:48]} R8c7 {[%emt 0:00:32]} 27. Rxc7 {[%emt 0:05:39]} Qxc7 {[%emt 0:00:57]} 28. Re3 {[%emt 0:04:50]} gxh5 {[%emt 0:01:30]} 0-1